Том 3; Труды лаборатории гидрогеологических проблем

書誌詳細
Parent link:Труды лаборатории гидрогеологических проблем/ Академия наук СССР (АН СССР), Отделение геолого-географических наук, Лаборатория гидрогеологических проблем им. Ф. П. Саваренского. Том 3.— , 1948-1962
その他の著者: Белянкин Д. С.
言語:ロシア語
出版事項: 1948
主題:
フォーマット: 図書
KOHA link:https://koha.lib.tpu.ru/cgi-bin/koha/opac-detail.pl?biblionumber=231864

MARC

LEADER 00000nam2a2200000 4500
001 231864
005 20231101231124.0
035 |a (RuTPU)RU\TPU\book\252893 
035 |a RU\TPU\book\252843 
090 |a 231864 
100 |a 20130206d1948 k y0rusy50 ca 
101 0 |a rus 
102 |a RU 
105 |a a z 001zy 
200 0 |a Том 3  |f гл. ред. Д. С. Белянкин 
210 |d 1948 
215 |a 400 с.  |c ил. 
317 |5 63413507: КР-932  |a Поступила в НТБ в 2004 г. в составе книжного собрания профессора ТПИ К. В. Радугина. 
320 |a Библиография в конце статей 
461 1 |0 (RuTPU)RU\TPU\book\254855  |t Труды лаборатории гидрогеологических проблем  |f Академия наук СССР (АН СССР), Отделение геолого-географических наук, Лаборатория гидрогеологических проблем им. Ф. П. Саваренского  |v Том 3  |d 1948-1962 
600 1 |a Славянов  |b Николай Николаевич  |c гидрогеолог  |c член-корр. АН СССР ( с 1946)  |c директор Лаборатории гидрогеологических проблем АН СССР (1947-1956)  |f 1878-1958  |g Николай Николаевич  |2 stltpush  |3 (RuTPU)RU\TPU\pers\21909 
606 1 |a Гидрогеология  |2 stltpush  |3 (RuTPU)RU\TPU\subj\38647  |9 59032 
610 1 |a подземные воды 
610 1 |a формирование 
610 1 |a распределение 
610 1 |a генезис 
610 1 |a классификация 
610 1 |a запасы 
610 1 |a СССР 
610 1 |a зональность 
610 1 |a динамика 
610 1 |a грунтовые воды 
610 1 |a фильтрация 
610 1 |a минеральные источники 
610 1 |a микроэлементы 
610 1 |a содержание 
610 1 |a инженерная геология 
610 1 |a очерки 
610 1 |a библиотека К. В. Радугина 
675 |a 556.3  |v 4 
702 1 |a Белянкин  |b Д. С.  |4 651 
801 1 |a RU  |b 63413507  |c 20130206 
801 2 |a RU  |b 63413507  |c 20171129  |g RCR 
942 |c BK